| 000 | 00356nam a22001457a 4500 | ||
|---|---|---|---|
| 005 | 20200604120402.0 | ||
| 008 | 200604b xxu||||| |||| 00| 0 eng d | ||
| 082 | _a345.4 | ||
| 110 |
_aL.I.C _95787 |
||
| 245 | _aLIC 2010 (VOL-3) JULY TO SEPTEMBER | ||
| 260 |
_aBOMBAY _bALL INDIA REPORTER PVT.LTD |
||
| 300 | _a3456,p | ||
| 650 |
_aLAW _95701 |
||
| 942 | _cJRL | ||
| 999 |
_c6817 _d6815 |
||